000 00616nam a22002177a 4500
003 UA-OsUOA
001 94172
007 ta
008 20130206b un ||||| |||| 00| 0 ukr d
100 _aІльницький М.
090 _a82
_bИ99
942 _cSA
040 _aUA-OsUOA
_bukr
_cUA-OsUOA
_dUA-OsUOA
245 _a"...Про що природа прагне розказати" (Поезія Леоніда Талалая)
300 _aС.17-23
955 _a0
041 _aukr
080 _a82
773 0 _w94170
650 7 _a82 Література. Літературознавство
_2UDC
999 _c380382
_d380382